La veuve / (Notice n° 18917)

Détails MARC
000 -LEADER
fixed length control field 00732nam a22002538i 4500
001 - CONTROL NUMBER
control field 0008124685
003 - CONTROL NUMBER IDENTIFIER
control field OSt
005 - DATE AND TIME OF LATEST TRANSACTION
control field 20260704121658.0
008 - FIXED-LENGTH DATA ELEMENTS--GENERAL INFORMATION
fixed length control field 260305s2026 quc 00 f fre
020 ## - INTERNATIONAL STANDARD BOOK NUMBER
International Standard Book Number 9782898601811
040 ## - CATALOGING SOURCE
Original cataloging agency QMBN
Language of cataloging fre
Description conventions rda
Transcribing agency QMBN
050 #4 - LIBRARY OF CONGRESS CALL NUMBER
Classification number PS8635*
082 04 - DEWEY DECIMAL CLASSIFICATION NUMBER
Classification number L 1115veu
Edition number 23/20260305
100 1# - MAIN ENTRY--PERSONAL NAME
Personal name L., Sara Agnès,
Dates associated with a name 1975-
Relator term auteur
245 13 - TITLE STATEMENT
Title La veuve /
Statement of responsibility, etc. Sara Agnès L
263 ## - PROJECTED PUBLICATION DATE
Projected publication date 202606
264 #1 - PRODUCTION, PUBLICATION, DISTRIBUTION, MANUFACTURE, AND COPYRIGHT NOTICE
Place of production, publication, distribution, manufacture Blainville, Qub̌ec :
Name of producer, publisher, distributor, manufacturer A ďiteur,
Date of production, publication, distribution, manufacture, or copyright notice 2026
300 ## - PHYSICAL DESCRIPTION
Extent pages cm
336 ## - CONTENT TYPE
Content type term texte
Content type code txt
Source rdacontent
337 ## - MEDIA TYPE
Media type term sans mďiation
Media type code n
Source rdamedia
338 ## - CARRIER TYPE
Carrier type term volume
Carrier type code nc
Source rdacarrier
506 ## - RESTRICTIONS ON ACCESS NOTE
Terms governing access ---- Ce titre n'est pas encore disponible sur le march -̌---
942 ## - ADDED ENTRY ELEMENTS (KOHA)
Source of classification or shelving scheme Dewey Decimal Classification
Koha item type Roman adulte
Exemplaires
Withdrawn status Lost status Source of classification or shelving scheme Damaged status Not for loan Home library Current library Date acquired Total Checkouts Full call number Barcode Date last seen Price effective from Koha item type
    Dewey Decimal Classification     Bibliothèque municipale d'Henryville Bibliothèque municipale d'Henryville 2026-06-30   L 1115veu 30001030039400 2026-06-30 2026-06-30 Roman adulte